000 00641nam a22002171 4500
005 20260202145543.0
008 681219t19681969nyua b 001 0 eng
020 _a070347808
040 _aKABLIB
_cKABLIB
_erda
082 0 0 _a537
_223
_bKIP
100 1 _aKip, Arthur F.
_914991
245 1 0 _aFundamentals of electricity and magnetism
_cArthur F. Kip.
250 _a2d ed.
260 _aAuckland :
_bMcGraw-Hill,
_cc1969
300 _axxiii, 630 p. :
_bill. ;
_c21 cm.
490 0 _aMcGraw-Hill series in fundamentals of physics
504 _aIncludes index.
650 0 _aElectricity.
650 0 _aMagnetism.
_914992
942 _2ddc
_cBOOK
999 _c5941
_d5941